000 01921nam a22002417a 4500
999 _c57836
_d57836
003 Ge_BSU
005 20221221134211.0
008 210302s2021 ge ||||| |||| 00| 0 geo d
041 _ageo
080 _a581 ტ-51
100 _aტეტემაძე, ნათელა
_910302
245 _aკოლხეთის პერკოლაციური ტორფნარევის სფაგნუმის სახეობების მოეფოლოგიური-ანატომიური შესწავლა, კონსერვაცია და გონივრული გამოყენება /
_cნათელა ტეტემაძე; სამეცნ. ხელმძღვანელები იზოლდა მაჭუტაძე, ალიოშა ბაკურიძე; ბსუ, საბუნებისმეტყველო მეცნიერებათა და ჯანდაცვის ფაკულტეტი.
264 _aბათუმი,
_c2021.
300 _a104 გვ.
_bსურ.დიაგრ. ცხრ.
_c30 სმ.
504 _aბიბლიოგრ. გვ. 95-104
653 _aბიოლოგია
653 _aკოლხეთის პერკოლაციური ტორფნარევის სფაგნუმის სახეობები
653 _aდისერტაცია
700 _aმაჭუტაძე, იზოლდა
_eსამეცნიერო ხელმძღვანელი
_910071
700 _aბაკურიძე, ალიოშა
_eსამეცნიერო ხელმძღვანელი
_92889
710 _aბსუ
_bსაბუნებისმეტყველო მეცნიერებათა და ჯანდაცვის ფაკულტეტი.
_910303
942 _2udc
_cDS